| 000 | 01130nam a2200277Ia 4500 | ||
|---|---|---|---|
| 003 | OSt | ||
| 005 | 20221005105602.0 | ||
| 006 | a|||||r|||| 00| 0 | ||
| 007 | ta | ||
| 008 | 221004b |||||||| |||| 00| 0 san d | ||
| 020 |
_a9789383447732 (hbk) _c950 |
||
| 024 | _a23971 | ||
| 037 |
_b61, 30/12/2015, Mallika Books _cTextual |
||
| 040 |
_aCRL _cCRL _bsan |
||
| 041 |
_2san _asan |
||
| 082 | _aO15,2D40:g, 152Q5 | ||
| 100 | _aपानसेरिया, एल. एम. | ||
| 245 | 0 |
_aकालिदास का साहित्य _b एक विश्लेषणात्मक अध्ययन |
|
| 246 | _aKālidās kā sāhitya: ek vishleṣhaṇātmak adhyayana | ||
| 260 |
_aनई दिल्ली _bरावत प्रकाशन भारत _c2015 |
||
| 300 |
_a232पृ0 _ccm. |
||
| 650 | _aसंस्कृत साहित्य | ||
| 700 | _a भलाणी, जे. डी. | ||
| 942 |
_hO15,2D40:g, 152Q5 _cTEXL _2cc |
||
| 999 |
_c1016259 _d1016259 |
||